| 000 | 01914cam a22005174i 4500 | ||
|---|---|---|---|
| 003 | PE-LiUPU | ||
| 005 | 20250731184519.0 | ||
| 008 | 150617s r 000 0 d | ||
| 035 | _a(Sirsi) a18603 | ||
| 040 |
_aPE-LiUPU _bspa _cPE-LiUPU _erda |
||
| 049 | _aPRUA | ||
| 082 | 0 | 4 |
_a935.2 _bP263a _223 |
| 100 | 1 |
_aParrot, Andre, _eautor. _d1901-1980. |
|
| 245 | 1 | 0 |
_aAsur / _cAndre Parrot. |
| 264 | 1 |
_aMadrid : _bAguilar, _c1963. |
|
| 300 |
_a382 páginas ; _c28 centímetros. _bIlustraciones, fotrografías, mapas, etc. ; |
||
| 336 |
_atext _2rdacontent |
||
| 337 |
_aunmediated _2rdamedia |
||
| 338 |
_avolume _2rdacarrier |
||
| 490 | _aEl universo de las formas. | ||
| 500 | _aOtra ed.: 1961. | ||
| 504 | _aIncluye bibliografía. | ||
| 505 | 0 | _aLos asirios y la edad del hierro (1245-606 a. de J.C.) -- Del Jabur al Tigris -- El final de los Asirios -- Babilónicos, neobabilóncios y la vuelta a las fuentes (990-538 a. de J.C.) -- Desde los Aqueménidas hasta la muerte de Alejandro Magno (558-323 a. de J.C.) -- Las técnicas mesopotámicas -- Literatura -- Música. | |
| 526 | _aP136 | ||
| 526 | _aP135 | ||
| 526 | _aP134 | ||
| 526 | _aP133 | ||
| 526 | _aP144 | ||
| 526 | _aP143 | ||
| 526 | _aP87 | ||
| 526 | _aP35 | ||
| 526 | _aP20 | ||
| 526 | _aP14 | ||
| 526 | _aP10 | ||
| 526 | _aP06 | ||
| 650 | 0 |
_aArte Asirio-babilónico _93213 |
|
| 651 | 4 |
_aMesopotamia _xArqueología. |
|
| 700 |
_aHoyo, Arturo del _93214 |
||
| 910 | _ajck | ||
| 942 |
_2ddc _cBK _n0 |
||
| 949 |
_a935.13031 P26 1963 _wDEWEY _c1 _i15006 _lCCODEBUL1 _mBUL _p00.00 _r0 _sY _tBOOK _u19770308 _xEDUCACION _zUNKNOWN _0COMPRA _o.STAFF. Colección General |
||
| 949 |
_a935.13031 P26 1963 _wDEWEY _c2 _i05923 _lCCODEBUL1 _mBUL _p00.00 _r0 _sY _tBOOK _u19770308 _xEDUCACION _zUNKNOWN _0COMPRA _o.STAFF. Colección General |
||
| 999 |
_c18313 _d18313 |
||
| 980 |
_81 _gALBERTO SANCHEZ Responsable de Automatización |
||